000 00397nam a2200157Ia 4500
008 230718s9999 xx 000 0 und d
041 _aeng
082 _a153.153
_bKAP
100 _aKapoor V.
_9113392
245 _aHeart Mind Over Matter
260 _c2004
_bMacmillan
300 _a275
365 _cRs.
_b195.00
700 _aKapoor V.
_9113392
906 _dB:6179/6.10.0413-Oct-2005
_cOTH
_b39
999 _c308811
_d308811